000 00421nam a2200157Ia 4500
008 151213s9999 xx 000 0 und d
100 _aS.K.Sarker , & A. K. Gupta
245 _aElements of Computer Science
_cS.K.Sarker , & A. K. Gupta
250 _a2nd
260 _aNew Delhi
_bS.Chand
_c2002
300 _a1659 p.
650 _aComputer
650 _aComputer
700 _aS.K.Sarker , & A. K. Gupta
999 _c1244
_d1244